Prefakturácia pri prenose daňovej povinnosti v roku 2016
Prenesie daňovej povinnosti pri poskytnutí stavebných prác platiteľom dane inému platiteľovi dane podľa paragrafu 69 odstavec 12 písmeno (j) zákona o dani z pridanej hodnoty v znení neskorších predpisov.
Uložené v:
| Hlavný autor: | |
|---|---|
| Médium: | Kapitola |
| Jazyk: | Slovak |
| Predmet: | |
| Tagy: |
Žiadne tagy, Buďte prvý, kto otaguje tento záznam!
|
MARC
| LEADER | 00000naa a2200000 4500 | ||
|---|---|---|---|
| 001 | 0226061 | ||
| 005 | 20240502073718.8 | ||
| 041 | 0 | |a slo | |
| 044 | |a SK | ||
| 245 | 1 | 0 | |a Prefakturácia pri prenose daňovej povinnosti v roku 2016 |c Juraj Válek |
| 520 | |a Prenesie daňovej povinnosti pri poskytnutí stavebných prác platiteľom dane inému platiteľovi dane podľa paragrafu 69 odstavec 12 písmeno (j) zákona o dani z pridanej hodnoty v znení neskorších predpisov. | ||
| 610 | 2 | 0 | |a dane z hodnoty pridanej |
| 610 | 2 | 0 | |a povinnosť daňová |
| 610 | 2 | 0 | |a priznania daňové |
| 610 | 2 | 0 | |a účtovníctvo daňové |
| 610 | 2 | 0 | |a fakturovanie |
| 610 | 2 | 0 | |a dodávatelia |
| 610 | 2 | 0 | |a odberatelia |
| 100 | 1 | |a Válek, Juraj, 1981- | |